000 00688nam a2200241 a 4500
001 0001-1036
003 ELIB.Books
008 141113 2010 eng
020 _a0060646918
035 _a(ELIB.Books)0001-1190
092 _a323.1
_bWas
100 _aWashington, James Melvin.
245 _aA Testament of Hope:
_bThe Essential Writings and Speeches of Martin Luther King, Jr.
260 _aSanFrancisco
_bHaperSanFrancisco
_c1991
300 _a702
_c23.5 Cm
500 _aSithu, Thra
650 _aCivil and Political Rights
856 _nKBTS; Library
_uKBTS; Elib.
942 _2ddc
_cBK
990 _a1
998 _cbat
_e2014-11-13
999 _c11036
_d11036